NHL Stanley Cup Winners Quiz - Statistics

General Stats
  • This quiz has been taken 39 times
  • The average score is 15 of 19
Answer Stats
Hint Answer % Correct
2023-24 Panthers
100%
2022-23 Golden Knights
88%
2018-19 Blues
84%
2016-17 Penguins
84%
2015-16 Penguins
84%
2021-22 Avalanche
81%
2017-18 Capitals
81%
2020-21 Lightning
81%
2019-20 Lightning
81%
2012-13 Blackhawks
78%
2010-11 Bruins
78%
2013-14 Kings
78%
2014-15 Blackhawks
75%
2005-06 Hurricanes
75%
2011-12 Kings
75%
2008-09 Penguins
75%
2009-10 Blackhawks
72%
2006-07 Ducks
72%
2007-08 Red Wings
69%
No matching quizzes found
Score Distribution
Percent of People with Each Score
Percentile by Number Answered
Your Score History
You have not taken this quiz